000
00306nam a2200109Ia 4500
008
220204s9999 xx 000 0 und d
082
_a
065.01
_b
MAR
100
_a
Martino, R L
245
0
_a
Project management and control. V 1. Finding the critical path
260
_a
Bombay
_b
Taraporevala
_c
1976
942
_c
BK
999
_c
30309
_d
30309